[Event "36th Mitropa Cup Open 2018"]
[Site "Isola Capo Rizzuto"]
[Date "2018.06.07"]
[Round "7"]
[White "Sochacki, Christophe"]
[Black "Nayhebaver, Martin"]
[Result "0-1"]
[WhiteElo "2459"]
[BlackElo "2478"]
[Annotator "TA"]
[PlyCount "88"]
[EventDate "2018.05.31"]
[EventType "team-tourn"]
[EventCountry "ITA"]
[SourceTitle "playchess.com"]
[Source "ChessBase"]
[SourceQuality "1"]
[WhiteTeam "France"]
[BlackTeam "Slovakia"]
[WhiteTeamCountry "FRA"]
[BlackTeamCountry "SVK"]

{[%evp 21,88,39,37,34,28,31,38,24,40,39,43,31,26,25,23,38,45,45,39,30,31,0,29,29,37,21,39,39,57,16,35,0,25,20,14,0,10,0,0,0,0,0,-9,-62,-52,-152,-164,-204,-196,-153,-170,-222,-216,-247,-269,-316,-309,-356,-350,-538,-520,-895,-878,-1381,-1314,-1314,-1278,-1424,-1429]} 1. d4 Nf6 2. c4 e6 3. Nf3 b6 4. a3 Ba6 5. Qc2 Bb7 6. Nc3 c5 7. e4 cxd4 8. Nxd4 d6 9. Be2 Be7 10. O-O O-O 11. Rd1 {E12: Damenindisch (Petrosjan-System und 4. oder 5.Lg5)} (11. Be3 Nbd7 12. f3 a6 13. Rfc1 Rc8 14. Bf1 d5 15. exd5 exd5 16. Nf5 dxc4 17. Nxe7+ Qxe7 18. Re1 b5 19. Rad1 {½-½ (47) Jakovenko,D (2704)-Zhigalko,S (2671) Doha 2016}) 11... Nbd7 {LiveBook: 18 Partien} 12. Bg5 a6 13. f3 $146 {Weiß hat minimalen Vorteil.} ({Vorgänger:} 13. Nf3 Qc7 14. Rac1 Rac8 15. b4 Qb8 16. Qd3 Qa8 17. Qe3 h6 18. Bh4 Rfe8 19. Bg3 Ng4 20. Qd4 Red8 21. h3 Ngf6 22. Bxd6 {1-0 (59) Samhouri,A (2378)-Baumegger,S (2445) Dresden 2008}) 13... Qc7 14. Rac1 Rfe8 15. Qd2 Rac8 16. Bf1 Qb8 17. Be3 Ne5 18. Na4 Bd8 19. Kh1 Bc7 20. Nc3 Ng6 21. g3 Ne5 22. b3 Ned7 23. Bg2 Nc5 {Weiss sollte ...e5 verhindern.} 24. Rb1 Qa8 25. Bg5 {Schwarz muss nun Lxf6 beachten.} Ncd7 26. Re1 Bd8 (26... h6 $5 {[%cal Rh6g5]} 27. Be3 d5 $11) 27. Rbd1 Be7 28. Re2 Bf8 29. Qe1 h6 30. Bc1 Nc5 31. Rb2 Qb8 32. Qf2 (32. Kg1 $11) 32... Ncd7 $15 {[%cal Bc5d7,Bd7e5,Be5c4][%mdl 32]} 33. Rbd2 {[#]} (33. Rc2 $15) 33... b5 $1 $17 34. Bf1 bxc4 35. bxc4 Ne5 36. Rb2 (36. Na4 $142) 36... Nxc4 $19 37. Bxc4 Rxc4 38. Nde2 Qc8 39. Bf4 d5 40. Qb6 (40. e5 {ist wohl besser.} Nd7 41. a4) 40... Ba8 {Schwarz steht klar auf Gewinn.} (40... Rxc3 $2 41. Nxc3 Qxc3 42. Rb3 $19) 41. e5 (41. exd5 $142 Rxc3 42. Nxc3 Qxc3 43. Qb3 Qxb3 44. Rxb3) 41... d4 42. Rxd4 Bxf3+ 43. Kg1 Rxd4 44. Nxd4 Bc5 {Precision: Weiß = 31%, Schwarz = 68%.} 0-1

[Event "36th Mitropa Cup Open 2018"]
[Site "Isola Capo Rizzuto"]
[Date "2018.06.07"]
[Round "7"]
[White "Tica, Sven"]
[Black "Biolek, Richard Jr"]
[Result "1/2-1/2"]
[WhiteElo "2446"]
[BlackElo "2462"]
[Annotator "TA"]
[PlyCount "30"]
[EventDate "2018.05.31"]
[EventType "team-tourn"]
[EventCountry "ITA"]
[SourceTitle "playchess.com"]
[Source "ChessBase"]
[SourceQuality "1"]
[WhiteTeam "Croatia"]
[BlackTeam "Czech Republic"]
[WhiteTeamCountry "CRO"]
[BlackTeamCountry "CZE"]

{[%evp 19,30,10,18,0,0,0,0,-10,-8,-8,0,-23,17]} 1. d4 d5 2. c4 dxc4 3. Nf3 a6 4. a4 Nf6 5. e3 e6 6. Bxc4 c5 7. O-O Nc6 8. Nc3 Be7 9. dxc5 Qxd1 10. Rxd1 Bxc5 {LiveBook: 103 Games} 11. Nd4 {D27: Queen's Gambit Accepted: Classical main line: 7 e4!? and 7 a4} (11. Bd2 Bd7 12. Bd3 O-O 13. Ne4 Be7 14. Rac1 Rfd8 15. Nc5 Be8 16. Be2 Rd5 17. Nb3 Rad8 18. Be1 Rxd1 19. Rxd1 Rxd1 20. Bxd1 {½-½ (37) Anand,V (2817)-Kramnik,V (2785) Monte Carlo 2011}) 11... Bd7 12. Nb3 Bb4 13. Bd2 Rc8 $146 ({Predecessor:} 13... O-O 14. Be2 Rfd8 15. a5 Na7 16. Bf3 Bc6 17. Na4 Bxf3 18. gxf3 Bd6 {½-½ (60) Reimche,V (2072)-Engelhart,A (2103) Bisingen 2013}) 14. Be2 Ke7 15. Bf3 Rc7 1/2-1/2

[Event "36th Mitropa Cup Open 2018"]
[Site "Isola Capo Rizzuto"]
[Date "2018.06.07"]
[Round "7"]
[White "Mesaros, Florian"]
[Black "Kollars, Dmitrij"]
[Result "1/2-1/2"]
[WhiteElo "2436"]
[BlackElo "2538"]
[Annotator "TA"]
[PlyCount "103"]
[EventDate "2018.05.31"]
[EventType "team-tourn"]
[EventCountry "ITA"]
[SourceTitle "playchess.com"]
[Source "ChessBase"]
[SourceQuality "1"]
[WhiteTeam "Austria"]
[BlackTeam "Germany"]
[WhiteTeamCountry "AUT"]
[BlackTeamCountry "GER"]

{[%evp 22,103,-59,-59,-59,-59,-55,-56,-55,-68,-61,-76,-62,-161,-151,-152,-137,-262,-268,-473,0,0,0,0,0,0,0,-74,-65,-144,-193,-103,28,28,35,36,34,49,42,29,40,0,4,0,8,0,0,0,0,0,0,0,0,0,0,0,0,0,0,0,0,0,0,0,0,0,0,-4,-4,-4,-4,-4,0,0,0,0,0,0,0,0,0,0,0,0]} 1. d4 d5 2. c4 c6 3. Nf3 Nf6 4. e3 e6 5. Nc3 Nbd7 6. Qc2 Bd6 7. Bd3 O-O 8. O-O dxc4 9. Bxc4 b5 10. Bd3 Bb7 11. Ne4 Nxe4 12. Bxe4 {LiveBook: 7 Partien} f5 $1 {[%cal Rf5e4] D46: Damengambit (Halbslawisch)} (12... Nf6 13. Bd3 Rc8 14. Qe2 Qb6 15. e4 Be7 16. a4 bxa4 17. Rxa4 c5 18. dxc5 Qxc5 19. Be3 Qc6 20. Rfa1 {½-½ (57) Sokolov,A (2585)-Fridman,D (2588) playchess.com INT 2004}) 13. Bd3 $1 c5 {Weiss muss nun ...Lxf3 beachten.} 14. Qe2 c4 {Schwarz steht etwas besser.} 15. Bc2 Nf6 16. h3 Ne4 17. Nd2 (17. a4 $15) 17... Rf6 $146 ({Vorgänger:} 17... Qh4 18. Nxe4 fxe4 19. Qg4 Qxg4 20. hxg4 {½-½ (75) Solozhenkin,E (2420)-Zvjaginsev,V Ashkhabad 1990}) 18. Nxe4 fxe4 19. a4 (19. Qe1 $17) 19... Rf3 $1 20. axb5 $2 {[#]} (20. b3 Qg5 21. Bd1) 20... Qg5 $2 (20... Qh4 $1 $19 {Droht stark ...Txh3!} 21. Qd2 {[#]} (21. Qxc4 Bd5 $19) 21... Rxh3 $1 {[%mdl 512]} 22. gxh3 Qxh3) 21. Ra6 $1 $36 {[%cal Ra6d6][%mdl 2048] Weiss kämpft um Vorteil.} Bxa6 22. Bxe4 {[#]} Rxh3 $1 {[%mdl 512] ( -> ...Th1+!)} 23. f4 $1 {[%cal Rf4g5]} Qg3 24. Bxa8 (24. Qxc4 $11 Re8 25. bxa6) 24... Bxb5 $17 {Und ...Le7 würde nun gewinnen.} 25. Rf3 (25. Qc2 $1 $15) 25... Qh2+ 26. Kf2 Rxf3+ ({Lieber} 26... Rh5 $17 27. Rg3 Qh4) 27. Qxf3 $11 Qh4+ 28. g3 Qh2+ 29. Qg2 Qxg2+ 30. Bxg2 $14 {[%mdl 4096] Endspiel KLL-KLL} Bb4 31. g4 Kf7 {Die Stellung ist ausgeglichen.} 32. Be4 g6 33. d5 a5 34. Kf3 Ba4 35. g5 Bd1+ 36. Kf2 a4 37. dxe6+ Kxe6 38. Bb7 c3 39. bxc3 Bxc3 40. e4 Bd4+ 41. Ke1 Bb3 42. Kd2 Kd6 43. Ba3+ Kc7 44. Kd3 Be5 45. fxe5 Kxb7 $11 {KL-KL} 46. Kd4 Kc6 47. e6 Bxe6 48. Ke5 Kd7 49. Kf6 Bc4 50. e5 Bb3 51. Bb4 Bc4 52. Ba3 {Precision: Weiß = 59%, Schwarz = 75%.} 1/2-1/2

[Event "36th Mitropa Cup Open 2018"]
[Site "Isola Capo Rizzuto"]
[Date "2018.06.07"]
[Round "7"]
[White "Gaehwiler, Gabriel"]
[Black "Korpa, Bence"]
[Result "0-1"]
[WhiteElo "2423"]
[BlackElo "2500"]
[Annotator "TA"]
[PlyCount "88"]
[EventDate "2018.05.31"]
[EventType "team-tourn"]
[EventCountry "ITA"]
[SourceTitle "playchess.com"]
[Source "ChessBase"]
[SourceQuality "1"]
[WhiteTeam "Switzerland"]
[BlackTeam "Hungary"]
[WhiteTeamCountry "SUI"]
[BlackTeamCountry "HUN"]

{[%evp 23,88,14,8,8,11,11,16,20,22,14,26,9,22,18,9,0,0,-22,-34,-48,-23,-22,-21,-21,-38,-27,-50,-32,-31,-52,-15,-12,0,-47,-59,-54,-49,-74,-76,-75,-78,-80,-74,-74,-67,-70,-70,-67,-67,-74,-71,-105,-104,-90,-28,-31,-26,-149,-156,-195,-188,-345,-344,-316,-336,-458,-451]} 1. d4 Nf6 2. c4 e6 3. Nf3 d5 4. g3 Bb4+ 5. Bd2 Be7 6. Bg2 O-O 7. O-O Nbd7 8. Qc2 {E11: Bogo-Indian} Ne4 (8... c6 9. Bf4 b6 10. cxd5 cxd5 11. Rc1 Bb7 12. Qb3 Rc8 13. Rxc8 Qxc8 14. Nc3 Nh5 15. Bg5 Bxg5 16. Nxg5 Nhf6 17. e3 Qb8 18. Bf1 Rc8 {½-½ (56) So,W (2788)-Karjakin,S (2760) London 2017}) 9. Nc3 Nxd2 10. Nxd2 c6 11. e4 dxc4 12. Nxc4 Nb6 {LiveBook: 11 Games} 13. Nxb6 Qxb6 14. Rfd1 {[%cal Bf1d1,Bd1d3,Bd3f3][%mdl 32]} e5 15. d5 {[#] Hoping for d6.} Bg4 16. Rd3 Rfd8 17. Bf3 Bxf3 $146 18. Rxf3 Rac8 19. Qd2 Bb4 20. a3 (20. Qe2 {seems wilder.} Bxc3 21. Rxc3 cxd5 22. Rxc8 Rxc8 23. exd5 Qd6 24. Re1) 20... cxd5 21. exd5 ({Reject} 21. axb4 dxe4 22. Nd5 Rxd5 $17) 21... Bxc3 22. Rxc3 Rxc3 23. bxc3 $11 {[%mdl 4096] Endgame KQR-KQR} Qc5 24. c4 Qxc4 25. Rc1 Qd4 $36 {[%mdl 2048] White is under pressure.} 26. Qa5 $1 {[%cal Ra5d8]} b6 27. Qxa7 {Black should prevent Qd7!} g6 ({Don't go for} 27... Rxd5 $2 28. Rc8+ Rd8 29. Qa8 $18) 28. Rb1 (28. Qe7 $5 {[%cal Re7d8]} Qxd5 29. Re1 $15) 28... Rc8 29. Re1 e4 $1 30. Qb7 Rc3 31. Qb8+ Kg7 32. Qf4 Qxd5 33. Qxe4 Qxe4 34. Rxe4 Rxa3 $17 {KR-KR} 35. Rb4 Ra6 36. g4 Kf6 37. Kg2 Ke5 38. Kf3 f6 ({Better is} 38... Kd5 $17 39. Rb1 Ra3+ 40. Ke2 Ra4 41. Rxb6 Rxg4) 39. h4 $11 Kd5 {And now ...Kc5 would win.} 40. Ke3 {[#]} (40. Rb2 $11) 40... Kc5 $1 $17 {[%cal Rc5b4]} 41. Rb1 Ra3+ 42. Kf4 $2 (42. Ke2) 42... Ra4+ $19 43. Kf3 b5 {[%cal Bb6b5,Bb5b4][%mdl 32]} 44. Re1 b4 {Precision: White = 52%, Black = 76%.} 0-1

[Event "36th Mitropa Cup Open 2018"]
[Site "Isola Capo Rizzuto"]
[Date "2018.06.07"]
[Round "7"]
[White "Drnovsek, Gal"]
[Black "Godena, Michele"]
[Result "0-1"]
[WhiteElo "2404"]
[BlackElo "2506"]
[Annotator "TA"]
[PlyCount "94"]
[EventDate "2018.05.31"]
[EventType "team-tourn"]
[EventCountry "ITA"]
[SourceTitle "playchess.com"]
[Source "ChessBase"]
[SourceQuality "1"]
[WhiteTeam "Slovenia"]
[BlackTeam "Italy"]
[WhiteTeamCountry "SLO"]
[BlackTeamCountry "ITA"]

{[%evp 18,94,37,35,63,34,40,49,43,24,24,24,25,25,40,45,54,23,29,23,50,0,27,0,-12,-14,-14,0,13,-23,-29,-87,-81,-167,-164,-159,-165,-135,-160,-186,-206,-203,-204,-200,-197,-385,-371,-372,-372,-379,-355,-562,-451,-449,-363,-654,-464,-585,0,-510,0,-584,-464,-460,-458,-821,-805,-1557,-1536,-1800,-1849,-5481,-7731,-29977,-29978,-6877,-29951,-4798,-1857]} 1. d4 d5 2. c4 dxc4 3. e4 e5 4. Nf3 exd4 5. Bxc4 Bb4+ 6. Nbd2 Nc6 7. O-O Nf6 8. e5 Nd5 9. Nb3 Nb6 10. Bb5 Bd7 {D20: Queen's Gambit Accepted: 3 e3 and 3 e4} 11. Bg5 (11. Bxc6 $5 Bxc6 12. Nbxd4 $11) (11. Bxc6 Bxc6 12. Nfxd4 Bd5 13. Qg4 Qd7 14. e6 fxe6 15. Nxe6 Qxe6 16. Qxb4 O-O-O 17. Nc5 Qg6 18. f3 {0-1 (27) Postny,E (2579)-Inarkiev,E (2684) Batumi 2018}) 11... Be7 $1 {[%cal Re7g5]} 12. Bxe7 Qxe7 {White is slightly better.} 13. Bxc6 Bxc6 14. Nfxd4 Bd5 15. Qg4 {Strongly threatening Nf5.} O-O 16. Rfe1 {[#] aiming for Nf5.} Be6 17. Nxe6 (17. Qg3 {is more complex.} Rad8 18. Rac1 Rfe8 19. f4 Qd7 20. Nxe6 fxe6 21. Nc5) 17... fxe6 18. Rac1 Nd5 $146 19. Nc5 Rf5 20. Nd3 Raf8 21. Rc4 b6 22. b4 Qd7 23. h3 Qa4 24. Qe2 {[#]} (24. Ra1 $11 {keeps the balance.}) 24... a5 $1 $17 {[%cal Ra5b4]} 25. Qc2 (25. a3 $17) 25... Qxc2 $19 26. Rxc2 axb4 27. Rc6 Ra8 28. Re4 Rxa2 29. Nxb4 Nxb4 ({But not} 29... Raxf2 30. Nxd5 Rf1+ 31. Kh2 $17) 30. Rxb4 Rfxf2 {[%mdl 4096] Endgame KRR-KRR} 31. Rg4 $2 (31. Rxc7 Rxg2+ 32. Kf1) 31... Rfc2 32. Rxc2 Rxc2 {KR-KR} 33. Rd4 b5 34. Kh2 (34. Rd8+ $142 Kf7 35. Rb8) 34... Kf7 35. Kg3 Ke7 36. Kf3 $2 (36. Rb4 c6 37. Kf3) 36... Rc3+ 37. Kf2 Rc2+ 38. Kf3 Rc3+ 39. Kf2 $1 Rc5 40. Re4 Rc2+ 41. Kf3 (41. Ke3 $142 Rxg2 42. Rh4) 41... c5 42. Rg4 g6 43. Rh4 h5 44. Rf4 b4 {[%cal Bb5b4,Bb4b3][%mdl 32]} 45. Rf6 b3 46. Rxg6 Rc4 47. Rg7+ Kf8 {Precision: White = 27%, Black = 65%.} 0-1

[Event "36th Mitropa Cup Open 2018"]
[Site "Isola Capo Rizzuto"]
[Date "2018.06.07"]
[Round "7"]
[White "Kreisl, Robert"]
[Black "Perske, Thore"]
[Result "1/2-1/2"]
[WhiteElo "2402"]
[BlackElo "2464"]
[Annotator "TA"]
[PlyCount "53"]
[EventDate "2018.05.31"]
[EventType "team-tourn"]
[EventCountry "ITA"]
[SourceTitle "playchess.com"]
[Source "ChessBase"]
[SourceQuality "1"]
[WhiteTeam "Austria"]
[BlackTeam "Germany"]
[WhiteTeamCountry "AUT"]
[BlackTeamCountry "GER"]

{[%evp 15,53,21,46,30,41,20,20,22,22,24,31,30,33,32,23,28,36,13,10,9,9,9,25,25,25,25,28,26,25,25,31,26,31,31,33,26,28,31,31,31]} 1. e4 e6 2. d4 d5 3. exd5 exd5 4. Nf3 Nf6 5. Bd3 Be7 6. h3 O-O 7. O-O Nc6 {C01: French: Exchange Variation} (7... Nbd7 8. Bf4 Re8 9. Nc3 a6 10. Re1 Nf8 11. Qd2 Ne6 12. Be5 c6 13. Re2 Bd6 14. Rae1 Bxe5 15. Rxe5 Bd7 {1-0 (53) Lagarde,M (2587)-Beerdsen,T (2444) Karlsruhe 2018}) 8. c3 Ne4 {LiveBook: 3 Games} 9. Nbd2 Bf5 $146 {White has an edge.} ({Predecessor:} 9... f5 10. Qc2 Bd6 11. b4 Qf6 12. b5 Ne7 13. c4 Be6 14. cxd5 Nxd2 15. Bxd2 Bxd5 {0-1 (26) Jurek,J (2320)-Klinger,J (2475) Austria 1991}) 10. Qc2 {[%cal Rd2e4]} Nxd2 11. Bxd2 Bxd3 12. Qxd3 Qd7 13. Bf4 a6 14. Rfe1 Rae8 15. Re2 Bd6 16. Ng5 {[%csl Gg5][%cal Rd3h7] [#]} g6 17. Bxd6 Qxd6 18. Rae1 Rxe2 19. Qxe2 Qf4 20. Qg4 Qxg4 21. hxg4 $11 {[%mdl 4096] Endgame KRN-KRN} h6 22. Nh3 Rd8 23. Nf4 Kf8 24. f3 a5 25. a4 b6 26. Kf2 Ne7 27. Nd3 {Precision: White = 52%, Black = 89%.} 1/2-1/2

[Event "36th Mitropa Cup Open 2018"]
[Site "Isola Capo Rizzuto"]
[Date "2018.06.07"]
[Round "7"]
[White "Jablonicky, Martin"]
[Black "Loiseau, Quentin"]
[Result "1/2-1/2"]
[WhiteElo "2356"]
[BlackElo "2399"]
[Annotator "TA"]
[PlyCount "92"]
[EventDate "2018.05.31"]
[EventType "team-tourn"]
[EventCountry "ITA"]
[SourceTitle "playchess.com"]
[Source "ChessBase"]
[SourceQuality "1"]
[WhiteTeam "Slovakia"]
[BlackTeam "France"]
[WhiteTeamCountry "SVK"]
[BlackTeamCountry "FRA"]

{[%evp 24,92,51,35,66,27,56,0,0,0,0,0,0,0,0,0,0,0,0,-7,-7,-12,-7,-7,-7,-7,-7,-7,-7,-7,-7,-7,0,-9,0,0,0,0,0,0,0,0,0,0,0,0,0,-7,0,0,0,-17,-8,-8,-8,-8,0,0,0,0,0,0,0,-8,0,0,8,8,8,8,8]} 1. d4 d5 2. c4 c6 3. Nc3 Nf6 4. cxd5 cxd5 5. Bf4 Nc6 6. e3 e6 7. Bd3 Be7 8. h3 O-O 9. Nf3 Bd7 10. O-O Rc8 11. Rc1 a6 12. Qe2 {D13: Damengambit (Slawische Verteidigung, Abtauschvariante)} (12. Ne5 Be8 13. Bg5 h6 14. Bh4 Nd7 15. Nxc6 Rxc6 16. Bxe7 Qxe7 17. Na4 Nf6 18. Qb3 Rxc1 19. Rxc1 Bxa4 20. Qxa4 Qd6 {½-½ (20) Artemiev,V (2663)-Vitiugov,N (2721) Sochi 2016}) 12... Na5 13. Ne5 {LiveBook: 5 Partien} b5 {[%cal Bb7b5,Bb5b4][%mdl 32]} 14. a4 {[%cal Ra4b5] Weiß steht etwas besser.} b4 $146 {[%cal Rb4c3]} ({Vorgänger:} 14... Nb3 15. Rc2 bxa4 16. Nxd7 Qxd7 17. Bxa6 {1-0 (30) Dallmann,V-Berg,J (2200) Wiesbaden 1994}) 15. Nxd7 ({Lieber} 15. Nb1 $14) 15... Qxd7 $11 {Die Stellung ist ausgeglichen.} 16. Nb1 Qxa4 17. Bxa6 Rxc1 18. Rxc1 Nb3 19. Rc7 Bd8 $1 {[%cal Rd8c7]} 20. Rc8 {[#] Schwarz muss nun Ld6 beachten.} Be7 $1 {...Txc8 ist eine echte Drohung.} 21. Rxf8+ Bxf8 22. Bd3 Nc1 23. Qc2 Qxc2 24. Bxc2 Ne2+ 25. Kf1 Nxf4 26. exf4 {[%mdl 4096] Endspiel KLS-KLS} Bd6 27. g3 h6 28. h4 Kf8 29. Nd2 Ng8 30. Ke2 Ne7 31. Nf3 f6 32. Ke3 Bc7 33. Ba4 Nf5+ 34. Kd3 Bb6 35. Bc6 Ke7 36. g4 Nd6 37. f5 h5 38. fxe6 $1 hxg4 39. Nh2 Nf5 40. Bxd5 Nxd4 (40... Nxh4 {feels hotter.} 41. Nxg4 Nf5 42. Ne3 Nxd4 43. f4 Nxe6 44. Nf5+ Kd7) 41. Nxg4 Nxe6 42. Kc4 Nf4 43. Bf3 Ng6 {Und weiter mit ...f5 wäre nett.} 44. h5 Ne5+ 45. Nxe5 fxe5 46. Kxb4 Bxf2 {Precision: Weiß = 61%, Schwarz = 50%.} 1/2-1/2

[Event "36th Mitropa Cup Open 2018"]
[Site "Isola Capo Rizzuto"]
[Date "2018.06.07"]
[Round "7"]
[White "Dobrovoljc, Vid"]
[Black "Valsecchi, Alessio"]
[Result "1/2-1/2"]
[WhiteElo "2310"]
[BlackElo "2510"]
[Annotator "TA"]
[PlyCount "98"]
[EventDate "2018.05.31"]
[EventType "team-tourn"]
[EventCountry "ITA"]
[SourceTitle "playchess.com"]
[Source "ChessBase"]
[SourceQuality "1"]
[WhiteTeam "Slovenia"]
[BlackTeam "Italy"]
[WhiteTeamCountry "SLO"]
[BlackTeamCountry "ITA"]

{[%evp 26,98,13,13,13,13,13,0,0,0,13,22,23,0,0,0,0,0,0,0,54,51,85,89,155,37,57,18,15,16,29,35,114,101,106,92,87,85,183,180,298,277,356,258,350,341,309,335,314,313,387,364,406,421,470,451,453,421,382,287,256,269,296,329,288,292,307,306,261,137,116,0,0,0,0]} 1. e4 e5 2. Nf3 Nc6 3. Bb5 a6 4. Ba4 Nf6 5. O-O Be7 6. Re1 b5 7. Bb3 d6 8. c3 O-O 9. h3 Na5 10. Bc2 c5 {[%cal Bc7c5,Bc5c4][%mdl 32]} 11. d4 Nd7 12. d5 Nb6 {C96: Spanische Partie (Abweichungen vom Tschigorin-System)} 13. Nbd2 {[%cal Bb1d2,Bd2f1,Bf1e3][%mdl 32]} Bd7 14. b3 {LiveBook: 3 Partien} (14. Nf1 Nb7 15. b3 a5 16. Rb1 c4 17. bxc4 Nxc4 18. a4 Qc7 19. axb5 Nb6 20. Be3 {0-1 (58) Hou,Y (2680)-Caruana,F (2811) Wijk aan Zee 2018}) 14... c4 15. Nf1 Qc7 16. Ne3 Nb7 17. Bd2 a5 $146 ({Vorgänger:} 17... Nc5 18. Qe2 h6 19. Reb1 Rfb8 20. Bc1 {½-½ (30) Camps,J (1858)-Martins,K (1760) LSS email 2013}) 18. Qe2 Rfc8 19. bxc4 Nxc4 20. Nxc4 Qxc4 21. Qxc4 Rxc4 22. Bd3 Rc5 (22... Ra4 $11) 23. Rab1 $14 Nd8 24. Rec1 f5 (24... Rac8 $142) 25. exf5 ({Der einzige Zug:} 25. Be3 $16 fxe4 26. Bxc5 (26. Bxe4 Rcc8 $14) 26... exd3 27. Be3) 25... Rac8 $1 26. Be4 Rc4 27. Bc2 $36 {[%mdl 2048] Weiss drückt.} Bf6 28. Re1 e4 (28... h6 $14) 29. Bxe4 $16 Bxc3 30. Bxc3 Rxc3 31. f6 Nf7 (31... gxf6 $16 {war angesagt.} 32. Nd4 b4) 32. Nd4 $1 $18 b4 (32... gxf6 $142 33. Bf5 (33. Nxb5 R3c4 $16) 33... R8c4) 33. Bf5 $1 {[%cal Rf5d7]} R3c7 34. Ne6 gxf6 35. Nxc7 Bxf5 36. Rbc1 a4 {und die Idee ...b3 ließe Schwarz weiter hoffen.} 37. Ne6 Ra8 38. g4 Bg6 39. f4 {[%cal Bf2f4,Bf4f5,Bf5g6,Bg6h7][%mdl 32]} b3 40. axb3 axb3 {beabsichtigt ...b2.} 41. f5 Ne5 42. fxg6 b2 {Und weiter mit ...Sf3+ wäre nett.} 43. gxh7+ Kh8 {[#] zielt auf ...Sf3+ ab.} 44. Rb1 $1 Nf3+ {[#]} 45. Kf1 $1 Nxe1 46. Rxb2 Nf3 47. Rb6 (47. Rb7 $18) 47... Ra2 $16 48. Rxd6 ({Lieber} 48. Nf8 $16 Rd2 49. Rb3 (49. Rxd6 Nh2+ 50. Kg1 Nf3+ 51. Kf1 Nh2+ 52. Kg1 Nf3+ 53. Kf1 $11) (49. Ng6+ Kxh7 50. Nf8+ Kh6 $11)) 48... Rd2 $1 $11 49. Rd7 Nh2+ {Precision: Weiß = 65%, Schwarz = 44%.} 1/2-1/2

[Event "36th Mitropa Cup Open 2018"]
[Site "Isola Capo Rizzuto"]
[Date "2018.06.08"]
[Round "8"]
[White "Gozzoli, Yannick"]
[Black "Huschenbeth, Niclas"]
[Result "1/2-1/2"]
[WhiteElo "2601"]
[BlackElo "2578"]
[Annotator "TA"]
[PlyCount "41"]
[EventDate "2018.05.31"]
[EventType "team-tourn"]
[EventCountry "ITA"]
[SourceTitle "playchess.com"]
[Source "ChessBase"]
[SourceQuality "1"]
[WhiteTeam "France"]
[BlackTeam "Germany"]
[WhiteTeamCountry "FRA"]
[BlackTeamCountry "GER"]

{[%evp 33,41,10,17,0,0,0,10,0,0,0]} 1. d4 Nf6 2. c4 e6 3. Nf3 d5 4. Nc3 c5 5. cxd5 Nxd5 6. e4 Nxc3 7. bxc3 {[%cal Bb2c3,Bc3d4][%mdl 32]} cxd4 8. cxd4 Bb4+ 9. Bd2 Bxd2+ 10. Qxd2 O-O 11. Bc4 Nd7 12. O-O b6 13. Rad1 Bb7 14. Rfe1 Rc8 {D41: Queen's Gambit Declined: Semi-Tarrasch with 5 cxd5} 15. Bb3 Re8 16. h3 Nf6 17. Qf4 Nh5 {[#] LiveBook: 4 Games. The position is equal.} 18. Qe5 $146 ({Predecessor:} 18. Qh2 h6 19. d5 exd5 20. exd5 Rxe1+ 21. Nxe1 {½-½ (57) So,W (2799)-Kramnik,V (2800) Berlin 2018}) 18... Nf6 19. Qf4 Nh5 20. Qe5 Nf6 21. Qf4 1/2-1/2

[Event "36th Mitropa Cup Open 2018"]
[Site "Isola Capo Rizzuto"]
[Date "2018.06.08"]
[Round "8"]
[White "Bogner, Sebastian"]
[Black "Vocaturo, Daniele"]
[Result "*"]
[WhiteElo "2589"]
[BlackElo "2608"]
[Annotator "TA RC"]
[PlyCount "96"]
[EventDate "2018.05.31"]
[EventType "team-tourn"]
[EventCountry "ITA"]
[SourceTitle "playchess.com"]
[Source "ChessBase"]
[SourceQuality "1"]
[WhiteTeam "Switzerland"]
[BlackTeam "Italy"]
[WhiteTeamCountry "SUI"]
[BlackTeamCountry "ITA"]

{[%evp 21,96,35,34,25,42,12,41,25,20,-4,22,26,44,29,116,44,41,46,38,37,47,28,37,25,33,29,32,29,27,26,40,23,27,26,72,70,107,107,107,107,104,103,103,92,90,81,118,100,93,104,97,78,114,104,117,103,346,352,333,334,481,464,477,461,480,480,472,462,468,475,875,865,926,884,986,971,945]} 1. d4 Nf6 2. c4 c5 3. d5 e6 4. Nc3 exd5 5. cxd5 d6 6. Nf3 g6 7. e3 {A61: Modern Benoni: Nf3 without early e4} (7. Bf4 Bg7 8. e3 O-O 9. h3 Qe7 10. Nd2 Nh5 11. Bh2 f5 12. Be2 f4 13. O-O fxe3 14. Nde4 exf2+ 15. Kh1 Bxc3 16. Nxc3 {0-1 (49) Xiong,J (2665)-Caruana,F (2804) Saint Louis 2018}) 7... Bg7 8. Bd3 O-O 9. h3 Na6 10. O-O Nc7 11. e4 b5 {[%cal Bb7b5,Bb5b4][%mdl 32] LiveBook: 5 Games} 12. Re1 b4 13. Nb1 Nd7 $146 ({Predecessor:} 13... a5 14. a4 Nd7 {½-½ (51) Vasquez Schroder,R (2505)-Velasquez Ojeda,C (2365) Santiago de Chile 1997}) 14. Nbd2 Nb6 15. Nc4 Nxc4 16. Bxc4 Re8 17. Bg5 Bf6 (17... Qd7 $11) 18. Qd2 (18. Bxf6 $16 Qxf6 19. e5) 18... Bxg5 $1 $14 19. Nxg5 f6 20. Nf3 {[%cal Bg5f3,Bf3d2,Bd2c4][%mdl 32]} a5 21. a4 Ba6 22. Bxa6 Nxa6 23. Qd3 Nb8 {[%cal Ba6b8,Bb8d7,Bd7b6][%mdl 32]} 24. Nd2 Nd7 25. f4 Nb6 26. b3 Qd7 27. Rac1 f5 28. e5 Rad8 {[#] Black wants to play ...dxe5.} 29. Nc4 $1 {[%cal Rc4b6]} Nxc4 30. Qxc4 Re7 31. Re2 Kg7 32. Rd1 Rde8 33. Rde1 Kg8 34. Kh1 Qd8 35. Re3 Kf8 36. Qa6 Kf7 37. Kg1 Kf8 38. Kf2 dxe5 $2 {[#]} (38... Rd7 $16 {might work better.}) 39. Qf6+ $1 $18 Kg8 {White must now prevent ...e4.} 40. d6 ({Weaker is} 40. Rxe5 Rxe5 41. Qxd8 Rxd8 $14) 40... Re6 (40... Rd7 {is a better defense.} 41. Qxd8 Rexd8) 41. Qxd8 {White is clearly winning.} Rxd8 42. fxe5 {[%mdl 4096] Endgame KRR-KRR} Kf7 43. Rd3 Ree8 44. Rd5 Ke6 45. Rxc5 Ra8 (45... f4 $142 46. Rxa5 g5) 46. Ke3 Ra7 47. Kd4 g5 48. Rec1 Rf7 {Precision: White = 72%, Black = 41%.} *